|
|
|
|
| LEADER |
01317ppm a22002418a 4500 |
| 001 |
00045425 |
| 005 |
20200317160348.0 |
| 008 |
121211s2010 ||||||viesd |
| 041 |
0 |
# |
|a vie
|
| 082 |
1 |
4 |
|b B108T
|a 398.095 978 9
|
| 100 |
1 |
# |
|a Dương, Thanh Tùng
|
| 245 |
0 |
0 |
|a Bảo tồn và phát huy giá trị tín ngưỡng thờ nữ thần tại thành phố Sa Đéc, tỉnh Đồng Tháp
|c Dương Thanh Tùng; Nguyễn Ngọc Thơ ( hướng dẫn)
|b Luận văn thạc sĩ quản lý văn hóa. Chuyên ngành: Quản lý văn hóa. Mã số: 8229042
|
| 260 |
# |
# |
|a Thành phố Hồ Chí Minh
|b Trường Đại học Văn hóa Thành phố Hồ Chí Minh
|c 2019
|
| 300 |
# |
# |
|a 114 tr, +phụ lục.
|c 30cm.
|b ảnh màu
|
| 500 |
# |
# |
|a ĐTTS ghi: Bộ giáo dục và Đào tạo. Bộ Văn hóa, Thể thao và Du lịch. Trường Đại học Văn hóa Thành phố Hồ Chí Minh
|
| 653 |
# |
# |
|a Luận văn
|
| 653 |
# |
# |
|a Nữ thần
|
| 653 |
# |
# |
|a Thành phố Sa Đéc
|
| 653 |
# |
# |
|a Tín ngưỡng dân gian
|
| 700 |
# |
# |
|a Nguyễn, Ngọc Thơ
|e Hướng dẫn
|
| 852 |
# |
# |
|j LV.0002330
|
| 910 |
# |
# |
|d 16/3/2020
|
| 980 |
# |
# |
|a Trung tâm Học liệu Lê Vũ Hùng, Trường Đại học Đồng Tháp
|